[Event "World Senior chT-50 2019"]
[Site "Rhodes"]
[Date "2019.04.16"]
[Round "1.1"]
[White "Grant, Jonathan I M"]
[Black "Shabalov, Alexander"]
[Result "0-1"]
[WhiteElo "2226"]
[BlackElo "2510"]
[Annotator "TA"]
[PlyCount "60"]
[EventDate "2019.04.16"]
[EventType "team-tourn"]
[EventCountry "GRE"]
[SourceTitle "playchess.com"]
[Source "ChessBase"]
[SourceQuality "1"]
[WhiteTeam "Scotland"]
[BlackTeam "United States"]
[WhiteTeamCountry "SCO"]
[BlackTeamCountry "USA"]

{[%evp 12,60,14,10,22,9,35,12,-1,-28,21,-17,-19,-9,-16,0,8,8,21,23,36,-2,50,0,4,0,16,-50,-18,-36,0,0,0,-34,20,-9,0,0,36,0,26,31,168,39,46,0,0,-8,63,-14,0]} 1. c4 f5 2. g3 Nf6 3. Bg2 g6 4. Nc3 Bg7 5. d3 O-O 6. e4 d6 7. Nge2 Nc6 {A10: English Opening: Unusual Replies for Black} 8. O-O Kh8 9. h3 e5 10. f4 Be6 11. Nd5 Qd7 {With the idea ...fxe4.} 12. Kh2 Rae8 13. Rb1 $146 ({Predecessor:} 13. Nec3 Nd4 14. fxe5 dxe5 15. Nxf6 Bxf6 16. Bh6 Bg7 17. exf5 gxf5 {½-½ (52) Goumas,G (2323)-Degraeve,J (2574) Vienna 2011}) 13... Nd8 14. b3 Nh5 15. exf5 gxf5 16. Ng1 Nf6 (16... Bf7 $11) 17. Nxf6 Bxf6 18. Bb2 Qg7 {[#] Strongly threatening ...exf4.} 19. fxe5 ({White should try} 19. Qd2 $11) 19... dxe5 20. Qf3 c6 21. Rbe1 Nf7 22. Rf2 h6 (22... Bc8 $15) 23. Kh1 Kh7 24. Qe3 h5 25. Ne2 h4 26. g4 f4 (26... fxg4 $14 27. hxg4 Bg5) 27. Be4+ (27. Qxa7 $18 Ng5 28. Ng1) 27... Kh8 28. Qf3 (28. Qd2 $14) 28... Ng5 $11 29. Qg2 Rd8 (29... f3 $11 30. Bxf3 e4 31. Bxf6 Qxf6 32. dxe4 Nxe4) 30. Nc3 ({White should play} 30. Ng1 $14) 30... Be7 {[%mdl 32768] Accuracy: White = 23%, Black = 32%. . Loss on time!?} 0-1

[Event "World Senior chT-50 2019"]
[Site "Rhodes"]
[Date "2019.04.16"]
[Round "1.2"]
[White "Benjamin, Joel"]
[Black "Farrell, Neil"]
[Result "1/2-1/2"]
[WhiteElo "2523"]
[BlackElo "2132"]
[Annotator "TA"]
[PlyCount "97"]
[EventDate "2019.04.16"]
[EventType "team-tourn"]
[EventCountry "GRE"]
[SourceTitle "playchess.com"]
[Source "ChessBase"]
[SourceQuality "1"]
[WhiteTeam "United States"]
[BlackTeam "Scotland"]
[WhiteTeamCountry "USA"]
[BlackTeamCountry "SCO"]

{[%evp 15,97,41,45,35,64,22,22,17,17,24,27,24,22,17,20,15,9,8,37,26,33,27,30,29,41,52,64,0,0,0,0,0,0,0,0,0,0,0,0,0,0,0,0,0,0,0,0,0,0,0,0,0,7,0,0,0,6,6,8,0,0,0,8,0,3,5,8,0,8,8,8,0,0,0,0,0,0,0,0,0,0,0,0,0]} 1. e4 e6 2. d4 d5 3. Nd2 Nf6 4. e5 Nfd7 5. Bd3 c5 6. c3 Nc6 7. Ngf3 f6 8. exf6 Nxf6 9. O-O {C06: French Tarrasch: 3...Nf6 4 e5 Nfd7 5 Bd3 main lines} cxd4 (9... Bd6 10. dxc5 Bxc5 11. b4 Bd6 12. b5 Ne7 13. c4 e5 14. cxd5 Nexd5 15. Ne4 Nxe4 16. Bxe4 Nf6 {1-0 (32) Adams,M (2738)-Bareev,E (2675) Baku 2016}) 10. Nxd4 (10. cxd4 {seems wilder.} Qb6 11. Re1 Bd6 12. Nb3 O-O 13. Bd2) 10... Bd6 11. f4 Nxd4 12. cxd4 O-O 13. Nf3 Qb6 14. Qe2 Bd7 15. Be3 $146 ({Predecessor:} 15. Kh1 a6 16. Bd2 Rae8 17. a4 Qb3 18. Ne5 Bxe5 19. dxe5 Ne4 20. Bxe4 dxe4 21. Bc3 Bc6 22. Qe3 Qc4 23. a5 Qd3 {½-½ (23) Gerbelli Neto,E (2189)-Carvalho,R (2044) Sao Bernardo do Campo 2015}) 15... Be8 16. Ne5 Rc8 17. Rac1 Rxc1 18. Rxc1 a6 19. Bb1 (19. Qf3 {feels hotter.} Bxe5 20. fxe5 Ne4 21. Qg4 Bg6 22. Qe2) 19... Bxe5 20. dxe5 d4 {[#] White must now prevent ...Bb5.} 21. exf6 (21. Bf2 $1 $14 Nd5 22. g3) 21... dxe3 $11 {The position is equal.} 22. fxg7 Kxg7 23. Re1 Rxf4 24. Qxe3 Qxe3+ 25. Rxe3 {[%mdl 4096] Endgame KRB-KRB} Bb5 {[%csl Gb5][%cal Rf4f1] [#]} 26. Bd3 Bxd3 27. Rxd3 {KR-KR} Rf7 28. Re3 Re7 29. Kf2 Kf6 30. Kf3 Rd7 31. Ke2 e5 32. Rh3 Rg7 33. g3 Ke6 34. Kd3 Kd5 35. Rh6 Rf7 36. Ke3 Rg7 37. Rf6 Rc7 38. Rb6 Rg7 39. a4 Kc5 40. a5 Kd5 41. Rb4 Kc5 42. Re4 Kd5 43. g4 Rg6 44. h4 b6 45. h5 Rc6 46. Kd3 bxa5 47. Ra4 Rb6 48. Rxa5+ Ke6 49. b4 {Accuracy: White = 70%, Black = 67%.} 1/2-1/2

[Event "World Senior chT-50 2019"]
[Site "Rhodes"]
[Date "2019.04.16"]
[Round "1.3"]
[White "Neave, George"]
[Black "Novikov, Igor"]
[Result "0-1"]
[WhiteElo "2101"]
[BlackElo "2563"]
[Annotator "TA"]
[PlyCount "65"]
[EventDate "2019.04.16"]
[EventType "team-tourn"]
[EventCountry "GRE"]
[SourceTitle "playchess.com"]
[Source "ChessBase"]
[SourceQuality "1"]
[WhiteTeam "Scotland"]
[BlackTeam "United States"]
[WhiteTeamCountry "SCO"]
[BlackTeamCountry "USA"]

{[%evp 14,65,48,0,52,40,37,37,38,36,44,12,83,74,76,60,86,93,75,37,70,70,309,302,453,425,516,510,507,459,385,190,185,179,193,193,180,63,43,-36,0,-332,-329,-310,0,-364,0,-558,-524,-642,-642,-642,-639,-593]} 1. e4 c5 2. Nf3 d6 3. d4 cxd4 4. Nxd4 Nf6 5. Nc3 a6 6. Bg5 e6 7. f4 Be7 8. Qe2 Nbd7 {B98: Sicilian Najdorf: 6 Bg5 e6 7 f4 Be7, sidelines} (8... b5 $11) 9. O-O-O Qc7 10. g4 b5 {White is slightly better.} 11. a3 Bb7 12. Bxf6 Nxf6 (12... Bxf6 $11 13. Bg2 O-O) 13. g5 $36 {[%mdl 2048] White is really pushing.} Nd7 14. h4 Nb6 {[#]} 15. Rh3 $146 ({Predecessor:} 15. f5 e5 16. Nb3 Nc4 17. Qf3 Qb6 18. Bxc4 bxc4 {½-½ (68) Spraggett,K (2601)-Cheparinov,I (2687) Cala Mayor 2008}) 15... d5 16. e5 g6 17. h5 {aiming for hxg6.} O-O-O $2 {[#]} (17... Rf8 $14) 18. Ncxb5 $1 $18 {[%mdl 512]} axb5 (18... Qd7 {was worth a try.} 19. Rc3+ Nc4) 19. Qxb5 Nd7 20. Rc3 Nc5 {If Black can now play ...Ba6 this consolidates a bit.} 21. b4 Ba6 22. Qxa6+ (22. Qxc5 $142 Bxc5 23. Bxa6+ Kd7 24. Rxc5) 22... Nxa6 23. Bxa6+ Kb8 24. Rxc7 Kxc7 25. Rd3 (25. Be2 $18) 25... Kb6 $14 26. b5 (26. Bb5 $14) 26... Bc5 {[#] Threatens to win with ...Bxd4.} 27. Kb2 $2 {[%mdl 8192]} (27. h6 $1 $11 {and White is okay.}) 27... Bxd4+ $1 $19 ({Inferior is} 27... gxh5 28. Nb3 $11) 28. Rxd4 {KRR-KRB} Rd7 $2 ({Black should try} 28... gxh5 $19 29. c4 h6) 29. Kb3 $2 {[%mdl 8192]} (29. h6 $1 $11) 29... Rc7 $2 (29... gxh5 $19 {...Rc7 is the strong threat.} 30. f5 Rc7) 30. c4 $2 {[%mdl 8192]} (30. h6 $11 {and White has nothing to worry.}) 30... Rxc4 {Black is clearly winning.} 31. Rxc4 dxc4+ 32. Kxc4 gxh5 {Hoping for ...h4.} 33. Kd4 {Accuracy: White = 41%, Black = 27%.} 0-1

[Event "World Senior chT-50 2019"]
[Site "Rhodes"]
[Date "2019.04.16"]
[Round "1.4"]
[White "Ehlvest, Jaan"]
[Black "Smith, Peter R"]
[Result "1-0"]
[WhiteElo "2521"]
[BlackElo "2038"]
[Annotator "TA"]
[PlyCount "59"]
[EventDate "2019.04.16"]
[EventType "team-tourn"]
[EventCountry "GRE"]
[SourceTitle "playchess.com"]
[Source "ChessBase"]
[SourceQuality "1"]
[WhiteTeam "United States"]
[BlackTeam "Scotland"]
[WhiteTeamCountry "USA"]
[BlackTeamCountry "SCO"]

{[%evp 9,59,60,71,69,75,77,108,87,96,71,91,90,100,91,101,91,85,93,116,116,118,86,101,82,86,92,104,93,105,89,94,84,423,431,409,336,376,376,376,376,376,376,367,339,571,587,599,600,885,837,5493,2856]} 1. e4 d5 2. exd5 Qxd5 3. Nc3 Qd8 4. Bc4 Bf5 (4... c6 5. Nf3 Nf6 6. d4 b5 7. Bb3 e6 8. a4 b4 9. Ne2 Be7 10. a5 O-O 11. O-O Nbd7 12. Nf4 Ba6 13. Re1 c5 14. Ba2 {½-½ (75) Jones,G (2682)-Usmanov,V (2450) St Petersburg 2018}) 5. Qf3 e6 6. Qxb7 {B01: Scandinavian Defence} Nd7 7. Bb3 $146 ({Predecessor:} 7. Nb5 Bd6 8. Nxd6+ cxd6 9. d3 Ngf6 10. Ne2 O-O 11. Nd4 Bg6 12. Nc6 {1-0 (23) Jijo,J (1647)-Barragan Hernandez,M (1936) Barcelona 2017}) 7... Rb8 8. Qf3 {White is better.} Ngf6 9. Nge2 c5 10. d3 Bd6 11. Ng3 Bg6 12. Nge4 Nxe4 13. Nxe4 Bxe4 14. Qxe4 O-O 15. c3 Qc7 16. h3 a5 17. O-O Nb6 18. Re1 Rfd8 19. Re2 Nd5 20. g3 Bxg3 $2 {[%mdl 8192] [#]} (20... Be7 $16) 21. fxg3 $18 Qxg3+ 22. Qg2 Nf4 23. Bxf4 $1 ({Stronger than} 23. Qxg3 Nxe2+ 24. Kh2 Nxg3 $11) 23... Qxf4 24. Rf1 Qd6 25. Bc4 Rd7 26. Qh2 Qb6 $2 {[#]} (26... g6 27. b3 Qxh2+ 28. Kxh2 Rc7) 27. Rxe6 $1 {[%mdl 512] White is clearly winning.} Qd8 (27... fxe6 28. Bxe6+) 28. Re5 Rb6 29. Qe2 {White threatens Re8+ and mate.} Rg6+ 30. Kh1 {Precision: White = 71%, Black = 44%.} 1-0

[Event "World Senior chT-50 2019"]
[Site "Rhodes"]
[Date "2019.04.16"]
[Round "1.5"]
[White "Vaganian, Rafael A"]
[Black "Delaney, John"]
[Result "1-0"]
[WhiteElo "2535"]
[BlackElo "2156"]
[Annotator "TA"]
[PlyCount "61"]
[EventDate "2019.04.16"]
[EventType "team-tourn"]
[EventCountry "GRE"]
[SourceTitle "playchess.com"]
[Source "ChessBase"]
[SourceQuality "1"]
[WhiteTeam "Armenia"]
[BlackTeam "Ireland"]
[WhiteTeamCountry "ARM"]
[BlackTeamCountry "IRL"]

{[%evp 23,61,22,39,27,54,53,71,36,113,41,51,25,49,-27,31,11,6,0,90,90,122,106,95,114,120,76,90,83,81,108,161,165,156,160,267,185,503,504,494,489]} 1. d4 Nf6 2. c4 d6 3. Nc3 g6 4. g3 Bg7 5. Bg2 O-O 6. Nf3 Nc6 7. O-O Bf5 8. d5 Na5 9. Nd4 Bd7 10. b3 c5 11. dxc6 bxc6 12. e4 {E62: King's Indian: Fianchetto: 6...c6 and Panno Variation (6...Nc6) without ...a6} Qc8 {LiveBook: 6 Games} 13. Bb2 (13. Re1 e5 14. Nc2 Nb7 15. Ba3 Rd8 16. Ne3 Bh3 17. Bxh3 Qxh3 18. Qf3 h5 19. Rad1 Nh7 {½-½ (42) Shengelia,D (2512)-Smirin,I (2594) Czech Republic 2018}) 13... Rb8 14. Qd2 {White is slightly better.} Qa6 $146 ({Predecessor:} 14... Nb7 15. Rfe1 Rd8 16. Rad1 e5 17. Nc2 h5 18. Na4 h4 19. Ne3 hxg3 20. hxg3 {1-0 (38) Radovanovic,M (2369)-Begus,D (2298) Banja Vrujci 2017}) 15. Rfe1 c5 {[#]} (15... Rfd8 $14) 16. Nf3 (16. Ndb5 $1 $16) 16... e5 $14 17. Nh4 Be6 18. Bf1 ({White should play} 18. Nd5 $14) 18... Qb6 (18... Nc6 $1 $11) 19. Nd5 Qd8 $1 20. Rad1 Nh5 (20... Nc6 $11 {keeps the balance.}) 21. Be2 $36 {[%mdl 2048] White is really pushing.} Bxd5 22. Qxd5 {aiming for Bxh5.} Nf6 23. Qxd6 Nxe4 24. Qd5 Qxd5 25. Rxd5 Nc6 26. Bd3 {[%cal Be2d3,Bd3b1,Bb1e4][%mdl 32]} Nf6 (26... Ng5 $16) 27. Rxc5 $18 Nb4 {[#]} 28. Bb1 $1 Rbd8 (28... e4 $16 {was worth a try.} 29. Ra5 Rfe8) 29. Rcxe5 Ne4 $2 (29... Nd7) 30. Bxe4 Bxe5 31. Bxe5 {Precision: White = 29%, Black = 23%.} 1-0

[Event "World Senior chT-50 2019"]
[Site "Rhodes"]
[Date "2019.04.16"]
[Round "1.6"]
[White "Wallace, John Paul"]
[Black "Minasian, Artashes"]
[Result "0-1"]
[WhiteElo "2350"]
[BlackElo "2472"]
[Annotator "TA"]
[PlyCount "74"]
[EventDate "2019.04.16"]
[EventType "team-tourn"]
[EventCountry "GRE"]
[SourceTitle "playchess.com"]
[Source "ChessBase"]
[SourceQuality "1"]
[WhiteTeam "Australia"]
[BlackTeam "Armenia"]
[WhiteTeamCountry "AUS"]
[BlackTeamCountry "ARM"]

{[%evp 15,74,24,23,11,18,0,11,13,64,44,45,42,54,25,71,60,77,47,50,27,15,-33,7,8,15,-18,0,-34,-16,-127,-70,-68,-54,-200,-193,-185,-168,-180,-189,-252,-176,-276,-284,-249,-277,-275,-188,-231,-203,-166,-118,-127,-125,-718,-724,-880,-208,-204,-191,-5931,-5138]} 1. e4 c6 2. d4 d5 3. e5 Bf5 4. h4 h6 5. g4 Bd7 6. c3 e6 7. h5 c5 8. f4 Nc6 9. Nf3 {B12: Caro-Kann: Advance Variation} Qb6 10. Qb3 (10. Rh2 O-O-O 11. Be3 Kb8 12. a3 c4 13. Nbd2 Na5 14. Rb1 Ne7 15. Bh3 {½-½ (54) Amonatov,F (2610)-Adianto,U (2556) Baku 2016}) 10... Qc7 $146 ({Predecessor:} 10... Qxb3 11. axb3 cxd4 12. cxd4 Bb4+ 13. Bd2 Nge7 14. Bc3 a6 15. Kf2 {½-½ (51) Gornoi,M (2387)-De Jong,P (2397) ICCF email 2009}) 11. Be3 {The position is equal.} O-O-O (11... cxd4 $11 12. cxd4 Na5) 12. Nbd2 f6 13. Qc2 fxe5 14. fxe5 Nge7 15. O-O-O c4 16. Bh3 b5 17. g5 b4 18. Nb1 Qb6 19. gxh6 gxh6 20. Rdg1 Kb7 21. Rg3 Ka8 22. Nfd2 (22. a3 $11 {remains equal.}) 22... Qa6 (22... bxc3 $17 {Hoping for ...Nb4.} 23. bxc3 Rb8) 23. a3 $1 $15 {[%cal Ra3b4]} bxa3 24. bxa3 ({White must play} 24. Nxa3 $15 Rb8 25. Ndb1) 24... Rb8 $19 25. Rf1 Nf5 26. Bxf5 exf5 ({But not} 26... Bxa3+ 27. Nxa3 Qxa3+ 28. Kd1 $17) 27. Qa2 (27. a4 $142) 27... Ne7 28. Rfg1 (28. a4 {was necessary.}) 28... Be8 29. Rh1 Ba4 30. Bf4 Rb6 31. Rhg1 Qb7 32. Nf3 Qb8 33. Nh4 Rh7 34. Ng6 $2 {[%mdl 8192] [#]} (34. Nd2 $17) 34... Nxg6 35. Rxg6 Rhb7 $2 (35... Rb3 {White must now prevent ...Rhb7.} 36. Rg8 Rhb7) 36. Rxb6 Rxb6 37. Rg6 $2 {[#]} (37. Nd2) 37... Rxb1+ $1 {[%mdl 512] Accuracy: White = 36%, Black = 51%.} 0-1

[Event "World Senior chT-50 2019"]
[Site "Rhodes"]
[Date "2019.04.16"]
[Round "1.7"]
[White "Movsziszian, Karen"]
[Black "MacElligott, Gerard"]
[Result "1-0"]
[WhiteElo "2485"]
[BlackElo "2025"]
[Annotator "TA"]
[PlyCount "87"]
[EventDate "2019.04.16"]
[EventType "team-tourn"]
[EventCountry "GRE"]
[SourceTitle "playchess.com"]
[Source "ChessBase"]
[SourceQuality "1"]
[WhiteTeam "Armenia"]
[BlackTeam "Ireland"]
[WhiteTeamCountry "ARM"]
[BlackTeamCountry "IRL"]

{[%evp 11,87,0,9,-41,2,-9,-5,-18,-6,-25,-7,-11,-10,-10,-8,-18,-18,-29,-22,-35,-26,-29,-22,-30,-39,-46,-28,-27,-23,-36,-7,0,-5,-41,-34,-38,-15,-29,-21,-37,0,0,0,-50,55,44,41,38,54,41,72,105,195,209,185,191,177,194,179,143,307,307,278,237,295,284,911,910,815,814,956,766,720,708,1400,1385,4806,4186]} 1. g3 c5 2. Bg2 Nc6 3. d3 g6 4. f4 (4. e4 Bg7 5. Ne2 Nf6 6. O-O O-O 7. Nbc3 d6 8. h3 Rb8 9. f4 Nd7 10. a4 a6 11. Nd5 b5 12. axb5 axb5 13. f5 e6 14. Ne3 b4 15. Ng4 Nce5 16. f6 Nxf6 17. Nh6+ Kh8 {½-½ (27) Kamsky,G (2666)-Alekseev,E (2620) St Petersburg 2018}) 4... Bg7 5. Nf3 Nf6 6. O-O {A00: Irregular Openings} O-O {LiveBook: 88 Games} 7. Kh1 d6 8. Nc3 {The position is equal.} Rb8 9. a4 a6 10. Nh4 Nd4 $146 ({Predecessor:} 10... Qc7 11. f5 b5 12. axb5 axb5 {1-0 (41) Movsziszian,K (2507)-Dan,T (2068) La Pobla de Lillet 2017}) 11. e3 Nc6 12. f5 Bd7 13. e4 b5 14. axb5 axb5 15. Bg5 b4 16. Ne2 Ne5 17. Qd2 Bc6 18. Nf3 Nfd7 19. Nxe5 Nxe5 20. Bh6 Qc7 21. Bxg7 Kxg7 22. b3 Ra8 23. Rae1 Ra2 24. d4 cxd4 25. Nxd4 Qb7 26. h4 {[%cal Bh2h4,Bh4h5,Bh5h6][%mdl 32]} Qb6 27. h5 {Threatening fxg6.} Bb5 (27... Bd7 $15) 28. h6+ Kg8 29. Qxb4 Rb8 30. Ra1 Bxf1 31. Qxb6 {[%cal Rb6b8] [#]} Bxg2+ (31... Rxb6 $16 32. Rxa2 Ra6 33. Rxa6 Bxa6) 32. Kxg2 $18 {[%cal Rb6b8]} Rxb6 33. Rxa2 $14 {[%mdl 4096] Endgame Intending Ra8+ and mate. KRN-KRN} Rb8 34. Ra7 Kf8 35. Kh3 g5 $2 {[#]} (35... Ke8 $16 36. Kg2 gxf5) 36. b4 $18 {[%cal Bb3b4,Bb4b5][%mdl 32]} Ke8 37. b5 g4+ 38. Kg2 Nf3 $2 (38... Rc8 39. Kf2 Kd8) 39. Nxf3 {White is clearly winning.} gxf3+ 40. Kxf3 Rxb5 41. Ra8+ Kd7 42. Rh8 e6 43. Rxh7 exf5 44. Rxf7+ {Precision: White = 42%, Black = 33%.} 1-0

[Event "World Senior chT-50 2019"]
[Site "Rhodes"]
[Date "2019.04.16"]
[Round "1.8"]
[White "Lyons, Brendan"]
[Black "Petrosian, Arshak B"]
[Result "0-1"]
[WhiteElo "1976"]
[BlackElo "2470"]
[Annotator "TA"]
[PlyCount "80"]
[EventDate "2019.04.16"]
[EventType "team-tourn"]
[EventCountry "GRE"]
[SourceTitle "playchess.com"]
[Source "ChessBase"]
[SourceQuality "1"]
[WhiteTeam "Ireland"]
[BlackTeam "Armenia"]
[WhiteTeamCountry "IRL"]
[BlackTeamCountry "ARM"]

{[%evp 16,80,-29,-43,-41,-25,-18,-40,-8,-42,-36,-30,-40,-73,-62,-84,-75,-160,-152,-154,-153,-152,-168,-148,-167,-213,-192,-226,-225,-293,-235,-559,-365,-405,-387,-530,-548,-977,-978,-967,-901,-1074,-958,-1206,-837,-841,-832,-838,-830,-798,-783,-871,-870,-845,-861,-1370,-1352,-1329,-1287,-1221,-1225,-3189,-2854,-29952,-6602,-5481,-2257]} 1. e4 c5 2. Nf3 d6 3. d3 Nc6 4. g3 g6 5. Bg2 Bg7 6. O-O e5 7. c3 Nge7 8. Nh4 O-O 9. f4 exf4 $1 {A04: Unusual lines after 1 Nf3 and King's Indian Attack} 10. gxf4 f5 11. Be3 Kh8 {Black is slightly better.} 12. a4 $146 ({Predecessor:} 12. Qe1 Be6 13. Nd2 Qd7 14. Nhf3 Rae8 15. Qh4 Bg8 16. a3 b6 17. Rae1 {0-1 (38) Maes,W (2311)-Lazarev,V (2509) Marcy Etoile 2007}) 12... Be6 13. Nd2 Qd7 14. Nhf3 Rad8 15. Ng5 Bg8 16. h4 {[#]} (16. a5 $142) 16... h6 $1 $17 {[%cal Rh6g5]} 17. Nh3 b6 18. Nf3 fxe4 19. dxe4 d5 20. exd5 Nxd5 21. Bd2 Be6 22. Kh2 Qc7 23. h5 $2 {[#]} (23. Qe2 {is more resistant.} Bxh3 24. Bxh3) 23... Ne3 $1 {[%mdl 512]} 24. Bxe3 {aiming for Qe1.} Rxd1 25. Rfxd1 g5 26. Nf2 gxf4 27. Bd2 Qf7 28. Rh1 Bd5 29. Nh4 Qxh5 30. Kg1 Bxg2 31. Nxg2 Qg6 {White must now prevent ...f3.} 32. Kf1 f3 33. Nf4 Qc2 {[%mdl 64] Double Attack} 34. Be3 Re8 35. Re1 {[#]} Rxe3 $1 {[%mdl 64] Remove Defender, Deflection, Decoy} 36. Rxe3 Qc1+ {[%mdl 64] Double Attack} 37. Re1 Qxf4 38. Re8+ Kh7 {( -> ...Be5)} 39. Re4 Qc1+ {[%mdl 64] Double Attack} 40. Re1 Qxb2 {Accuracy: White = 33%, Black = 71%.} 0-1

[Event "World Senior chT-50 2019"]
[Site "Rhodes"]
[Date "2019.04.16"]
[Round "1.9"]
[White "Wagner-Michel, Annett"]
[Black "Olafsson, Helgi"]
[Result "0-1"]
[WhiteElo "2056"]
[BlackElo "2506"]
[Annotator "TA"]
[PlyCount "52"]
[EventDate "2019.04.16"]
[EventType "team-tourn"]
[EventCountry "GRE"]
[SourceTitle "playchess.com"]
[Source "ChessBase"]
[SourceQuality "1"]
[WhiteTeam "Germany"]
[BlackTeam "Iceland"]
[WhiteTeamCountry "GER"]
[BlackTeamCountry "ISL"]

{[%evp 15,52,43,54,11,7,-72,-52,-40,-15,2,-3,-7,0,-34,-32,-36,-37,-106,-101,-105,-80,-136,-134,-130,-129,-220,-221,-201,-214,-465,-463,-460,-458,-454,-462,-458,-458,-435,-436]} 1. e4 c5 2. Nf3 e6 3. d4 cxd4 4. Nxd4 a6 5. Nc3 b5 6. Bd3 Qb6 7. Nb3 Qc7 8. O-O Nf6 9. Qf3 {B43: Sicilian: Kan Variation: 5 Nc3} (9. Qe2 d6 10. Bd2 Nc6 11. a4 b4 12. Na2 Qb7 13. Rab1 Be7 14. c3 bxc3 15. bxc3 Ne5 16. Bc2 Qc7 17. a5 {½-½ (53) Ponomariov,R (2731)-Vachier Lagrave,M (2745) Beijing 2013}) 9... Bb7 10. g4 $146 (10. Bf4 $11 d6 11. Ne2) ({Predecessor:} 10. Bf4 d6 11. Rfe1 Nbd7 12. a4 b4 13. Na2 Ne5 14. Qe2 Nxd3 15. Qxd3 a5 16. c3 Ba6 {1-0 (34) Escobar Forero,A (2493)-Larduet Despaigne,C (2370) Barcelona 2012}) 10... h6 (10... b4 {is more complex.} 11. Ne2 d5 12. exd5 Nbd7 13. Bf4 e5) 11. Bf4 {Black is slightly better.} Bd6 12. Bxd6 Qxd6 13. Na5 Bc6 $1 14. Qe2 {[#] e5 is the strong threat.} Qf4 15. f3 h5 {[%cal Rh5g4]} 16. Rf2 (16. e5 $15 b4 17. exf6 (17. Nxc6 Nxc6 18. exf6 bxc3 $11) 17... bxc3 18. fxg7 (18. Nxc6 cxb2 19. Rab1 Nxc6 $17)) 16... hxg4 17. fxg4 Qg5 18. Raf1 (18. a3 $142) 18... Nxg4 19. Rg2 Qe3+ 20. Kh1 {[#]} (20. Rff2 $17 {might work better.} Qxe2 21. Rxe2) 20... Qxe2 $1 $19 21. Rxe2 Ne5 22. Nd5 $2 (22. Re3) 22... exd5 {Black is clearly winning.} 23. Nxc6 dxc6 24. exd5 f6 25. Be4 cxd5 26. Bxd5 Ra7 {Accuracy: White =  8%, Black = 87%.} 0-1

[Event "World Senior chT-50 2019"]
[Site "Rhodes"]
[Date "2019.04.16"]
[Round "1.10"]
[White "Petursson, Margeir"]
[Black "Schulz, Petra"]
[Result "1-0"]
[WhiteElo "2492"]
[BlackElo "2051"]
[Annotator "TA"]
[PlyCount "109"]
[EventDate "2019.04.16"]
[EventType "team-tourn"]
[EventCountry "GRE"]
[SourceTitle "playchess.com"]
[Source "ChessBase"]
[SourceQuality "1"]
[WhiteTeam "Iceland"]
[BlackTeam "Germany"]
[WhiteTeamCountry "ISL"]
[BlackTeamCountry "GER"]

{[%evp 14,109,62,54,57,54,64,60,59,64,75,60,55,47,29,54,60,0,56,28,40,45,66,0,4,0,0,0,0,10,0,3,22,-14,-15,-12,-5,-23,0,0,8,0,0,0,30,30,30,30,52,44,254,265,258,227,227,227,227,211,245,119,125,100,100,100,100,100,100,98,112,103,114,100,118,110,118,121,242,246,246,243,249,245,263,254,405,372,432,441,431,412,529,537,529,529,637,636,592,592]} 1. d4 Nf6 2. c4 g6 3. Nc3 Bg7 4. e4 d6 5. h3 O-O 6. Bg5 h6 7. Be3 Nbd7 8. Qd2 {LiveBook: 3 Games. E71: King's Indian: 4 e4 d6 5 h3} c5 9. d5 Kh7 10. Nf3 {White is slightly better.} b5 11. cxb5 Qa5 12. Bd3 a6 13. bxa6 Bxa6 14. O-O Rfb8 15. Rab1 $146 ({White should try} 15. Bxa6 $14 Qxa6 16. Rfc1) ({Predecessor:} 15. Bxa6 Rxa6 {½-½ (29) Nestorovic,D (2402)-Kalezic,B (2452) Petrovac 2004}) 15... Bxd3 (15... Ne8 $11) 16. Qxd3 $14 Ne8 17. Bd2 Nc7 18. a3 ({White should play} 18. a4 $14) 18... Nb5 $11 19. Rfc1 Nd4 20. Nxd4 cxd4 21. Na2 Nc5 22. Qc2 Qa4 (22... d3 $5 23. Qd1 $8 Qb5 $11) 23. Nb4 Qxc2 24. Rxc2 Nxe4 {With the idea ...d3!} 25. Re1 Nxd2 (25... Nc5 {with more complications.} 26. Rxe7 d3 27. Rc4 Kg8 28. Re3 Ra4) 26. Rxd2 Bf6 27. Rc2 Rb5 28. Kf1 Rab8 29. Ke2 Kg7 30. Kd3 Kf8 31. Rc7 Rxb4 $2 (31... g5 $14) 32. axb4 $18 Rxb4 $14 {[%mdl 4096] Endgame KRR-KRB} 33. Rb1 Ke8 34. b3 Kd8 35. Ra7 Rb5 36. Ke4 (36. b4 $18 {is the precise move to win.}) 36... d3 $16 37. Kxd3 Rxd5+ 38. Ke2 Re5+ 39. Kf1 Rb5 40. b4 Bd4 41. Ra5 Rb7 42. Ke2 Kd7 43. f4 h5 44. f5 Bb6 {[#]} (44... Bc5 $16 {keeps fighting.}) 45. fxg6 $1 $18 {[%mdl 512]} fxg6 46. Rg5 Ra7 47. Rxg6 Kc6 48. Rg5 e5 (48... Ra2+ $142 49. Kf3 h4 50. b5+ Kd7) 49. Rxh5 Ra2+ 50. Kf3 Rf2+ 51. Kg3 Rf4 52. b5+ {White is clearly winning.} Kd5 53. h4 Bf2+ 54. Kh3 Bb6 55. Rg5 {Precision: White = 69%, Black = 52%.} 1-0